TOEFT iBT INSIDER
Na minha lista:
| Autor principal: | |
|---|---|
| Formato: | Livro |
| Idioma: | English |
| Publicado em: |
TP.HCM
2008
|
| Assuntos: | |
| Tags: |
Adicionar Tag
Sem tags, seja o primeiro a adicionar uma tag!
|
| Thư viện lưu trữ: | Mạng thư viện Đại học Đà Nẵng |
|---|
| LEADER | 00528nam a22002171a 4500 | ||
|---|---|---|---|
| 001 | 000034032 | ||
| 003 | 10224 | ||
| 005 | 20151027131602.0 | ||
| 008 | 151027s2008 000 eng | ||
| 041 | |a eng | ||
| 082 | |a 420.8 |b HO-N | ||
| 100 | |a HOÀI NAM | ||
| 245 | |a TOEFT iBT INSIDER |c HOÀI NAM | ||
| 260 | |a TP.HCM |c 2008 | ||
| 650 | |a TOEFT iBT INSIDER, TOEFT iBT | ||
| OWN | |a LNN | ||
| 999 | |a From the UDN01 | ||
| TYP | |a Monograph | ||
| 980 | |a Mạng thư viện Đại học Đà Nẵng | ||